LEADER 01431nam1-2200481---450- 001 990000033850203316 005 20071113165019.0 035 $a0003385 035 $aUSA010003385 035 $a(ALEPH)000003385USA01 035 $a0003385 100 $a20000914d--------km-y0itay50------ba 101 $aita 102 $aIT 105 $ay|||z|||001yy 200 1 $aIntroduzione allo studio della Bibbia. Supplementi 210 $aBrescia$cPaideia 215 $av.$d23 cm 606 0 $aBibbia$xIntroduzioni 676 $a220.61 801 0$aIT$bsalbc$gISBD 912 $a990000033850203316 951 $aII.2. 2409/(XIV 996/)$bL.M.$cII.2. 959 $aBK 969 $aUMA 979 $c20000914$lUSA01$h1716 979 $c20001019$lUSA01$h1054 979 $c20001019$lUSA01$h1451 979 $c20001019$lUSA01$h1459 979 $c20001019$lUSA01$h1536 979 $c20001024$lUSA01$h1512 979 $c20001027$lUSA01$h1517 979 $c20001027$lUSA01$h1521 979 $c20001110$lUSA01$h1708 979 $c20001124$lUSA01$h1206 979 $aPATTY$b90$c20011112$lUSA01$h1729 979 $aPATTY$b90$c20011112$lUSA01$h1729 979 $aPATTY$b90$c20011112$lUSA01$h1732 979 $c20020403$lUSA01$h1611 979 $aPATRY$b90$c20040406$lUSA01$h1604 979 $aANNAMARIA$b90$c20071113$lUSA01$h1650 996 $aIntroduzione allo studio della Bibbia. Supplementi$91488698 997 $aUNISA LEADER 01655nam 2200325z- 450 001 9910694590903321 005 20080828090502.0 035 $a(CKB)5860000000024134 035 $a(BIP)023786175 035 $a(EXLCZ)995860000000024134 100 $a20220406c2007uuuu -u- - 101 0 $aeng 200 10$aGAO personnel reform $edoes it meet expectations? : joint hearing before the Subcommittee on Federal Workforce, Postal Service, and the District of Columbia of the Committee on Oversight and Government Reform, House of Representatives, and the Subcommittee on Oversight of Government Management, the Federal Workforce, and the District of Columbia of the Committee on Homeland Security and Governmental Affairs, United States Senate. One Hundred Tenth Congress, first session, May 22, 2007 215 $a1 online resource (vi, 405 p.) $cill 311 $a0-16-081395-6 517 $aGAO personnel reform 606 $aHuman capital$xGovernment policy$zUnited States 606 $aDiversity in the workplace$xGovernment policy$zUnited States 610 $aHuman capital 610 $aDiversity in the workplace 610 $aUnited States 610 $aBusiness & economics 610 $aPolitical science 615 0$aHuman capital$xGovernment policy 615 0$aDiversity in the workplace$xGovernment policy 712 02$aUnited States.$bCongress.$bSenate.$bCommittee on Homeland Security and Governmental Affairs.$bSubcommittee on Oversight of Government Management, the Federal Workforce, and the District of Columbia. 906 $aBOOK 912 $a9910694590903321 996 $aGAO personnel reform$93092198 997 $aUNINA